Statistics for Countries of Africa - One Minute Sprint

Click here to take the quiz!

General Stats

  • This quiz has been taken 134,489 times
  • The average score is 27 of 54

Answers on the Map

Answers color-coded by a green-red scale on the quiz's map according to % correct below.
Loading ...
 

Answer Stats

Country% Correct
Egypt
92%
Algeria
85%
Libya
82%
Morocco
81%
Sudan
80%
Niger
77%
Chad
75%
D.R. Congo
75%
South Africa
74%
Tunisia
74%
Mali
73%
Nigeria
72%
Somalia
70%
Rep. of the
Congo
69%
Ethiopia
68%
South Sudan
66%
Kenya
65%
Madagascar
57%
Angola
56%
Ghana
55%
Eritrea
52%
Togo
52%
Benin
50%
Tanzania
49%
Namibia
49%
Lesotho
48%
Zambia
48%
Mauritania
48%
Central African
Republic
45%
Uganda
45%
Gambia
43%
Senegal
42%
Rwanda
42%
Zimbabwe
42%
Gabon
42%
Malawi
42%
Guinea
41%
Cameroon
41%
Botswana
40%
Liberia
39%
Djibouti
39%
Mozambique
38%
Eswatini
34%
Burundi
32%
Ivory Coast
31%
Cape Verde
29%
Burkina Faso
27%
Guinea-Bissau
25%
Sierra Leone
25%
Mauritius
25%
Comoros
25%
Seychelles
23%
São Tomé
and Príncipe
23%
Equatorial
Guinea
13%

Score Distribution

Percentile by Number Answered

Percent of People with Each Score

Your Score History

You have not taken this quiz